History Quiz

Random History or Numbers Quiz

US Presidents by Letter Quiz Stats

 Plays Quiz Updated Mar 18, 2020

Support Sporcle.
Go Orange.
Score 0/18 Timer 01:00
20 Plays Today
Letter Last Name % Correct
CCarter/Cleveland/Clinton/Coolidge
91.7%
AAdams/Arthur
91.2%
BBuchanan/Biden/Bush
87.3%
JJackson/Jefferson/Johnson
84.9%
WWashington/Wilson
82.7%
HHarding/Harrison/Hayes/Hoover
78%
RReagan/Roosevelt
76.5%
TTaft/Taylor/Truman/Trump/Tyler
73.9%
OObama
71.8%
Letter Last Name % Correct
LLincoln
71.2%
MMadison/McKinley/Monroe
67.9%
EEisenhower
67.6%
FFillmore/Ford
67.3%
GGarfield/Grant
65.6%
KKennedy
64.6%
NNixon
62.9%
PPierce/Polk
59.8%
VVan Buren
51.1%

You're not logged in!

Compare scores with friends on all Sporcle quizzes.
OR
Log In

From the Vault

NBA Logos

by alex7

Why no team has taken the logo from Space Jam is beyond us.
Remove Ads.
Support Sporcle.
Get the best of Sporcle when you Go Orange. This ad-free experience offers more features, more stats, and more fun while also helping to support Sporcle. Thank you for becoming a member.

Show Comments

Extras

Top Quizzes Today


Score Distribution

Your Account Isn't Verified!

In order to create a playlist on Sporcle, you need to verify the email address you used during registration. Go to your Sporcle Settings to finish the process.

Report this User

Report this user for behavior that violates our Community Guidelines.

Details: